<?xml version="1.0" encoding="UTF-8"?>
<record
    xmlns:xsi="http://www.w3.org/2001/XMLSchema-instance"
    xsi:schemaLocation="http://www.loc.gov/MARC21/slim http://www.loc.gov/standards/marcxml/schema/MARC21slim.xsd"
    xmlns="http://www.loc.gov/MARC21/slim">

  <leader>01884nam a22002897a 4500</leader>
  <controlfield tag="003">MN-UlLSGH</controlfield>
  <controlfield tag="005">20260626120451.0</controlfield>
  <controlfield tag="008">260626b        mp ||||| mvl| 00| 0 mon d</controlfield>
  <datafield tag="020" ind1=" " ind2=" ">
    <subfield code="a">978-9919061784</subfield>
  </datafield>
  <datafield tag="040" ind1=" " ind2=" ">
    <subfield code="c">MN-ULPAL</subfield>
  </datafield>
  <datafield tag="084" ind1=" " ind2=" ">
    <subfield code="a">67.400+67.401 </subfield>
    <subfield code="b">&#x421;825</subfield>
  </datafield>
  <datafield tag="100" ind1="0" ind2=" ">
    <subfield code="a">&#x421;&#x4AF;&#x43D;&#x436;&#x438;&#x434;, &#x414;&#x443;&#x433;&#x430;&#x440;&#x44B;&#x43D;.</subfield>
    <subfield code="e">&#x437;&#x43E;&#x445;&#x438;&#x43E;&#x433;&#x447; </subfield>
    <subfield code="9">16403</subfield>
  </datafield>
  <datafield tag="245" ind1="0" ind2=" ">
    <subfield code="a">&#x4AE;&#x43D;&#x434;&#x441;&#x44D;&#x43D; &#x445;&#x443;&#x443;&#x43B;&#x44C;, &#x445;&#x4AF;&#x43D;&#x438;&#x439; &#x44D;&#x440;&#x445;, &#x437;&#x430;&#x445;&#x438;&#x440;&#x433;&#x430;&#x430;&#x43D;&#x44B; &#x44D;&#x440;&#x445; &#x437;&#x4AF;&#x439;</subfield>
  </datafield>
  <datafield tag="260" ind1=" " ind2=" ">
    <subfield code="a">&#x423;&#x43B;&#x430;&#x430;&#x43D;&#x431;&#x430;&#x430;&#x442;&#x430;&#x440; </subfield>
    <subfield code="b">"&#x411;&#x438;&#x411;&#x438; &#x43F;&#x440;&#x438;&#x43D;&#x442;&#x438;&#x43D;&#x433;" &#x425;&#x425;&#x41A;</subfield>
    <subfield code="c">2025</subfield>
  </datafield>
  <datafield tag="300" ind1=" " ind2=" ">
    <subfield code="a">747 &#x445;&#x443;&#x443;&#x434;&#x430;&#x441;&#x442;&#x430;&#x439; </subfield>
    <subfield code="c">25 &#x441;&#x43C; </subfield>
  </datafield>
  <datafield tag="336" ind1=" " ind2=" ">
    <subfield code="2">rdacontent</subfield>
    <subfield code="a">text</subfield>
    <subfield code="b">txt</subfield>
  </datafield>
  <datafield tag="337" ind1=" " ind2=" ">
    <subfield code="a">rdamedia</subfield>
    <subfield code="b">unmediated</subfield>
  </datafield>
  <datafield tag="338" ind1=" " ind2=" ">
    <subfield code="a">volume</subfield>
    <subfield code="b">rdacarrier</subfield>
  </datafield>
  <datafield tag="520" ind1=" " ind2=" ">
    <subfield code="a">&#x414;&#x43E;&#x43A;&#x442;&#x43E;&#x440; &#x414;.&#x421;&#x4AF;&#x43D;&#x436;&#x438;&#x434; &#x44D;&#x43D;&#x44D;&#x445;&#x4AF;&#x4AF; &#x43D;&#x43E;&#x43C;&#x43E;&#x43D;&#x434;&#x43E;&#x43E; &#x4AF;&#x43D;&#x434;&#x441;&#x44D;&#x43D; &#x445;&#x443;&#x443;&#x43B;&#x44C;, &#x445;&#x4AF;&#x43D;&#x438;&#x439; &#x44D;&#x440;&#x445;, &#x437;&#x430;&#x445;&#x438;&#x440;&#x433;&#x430;&#x430;&#x43D;&#x44B; &#x44D;&#x440;&#x445; &#x437;&#x4AF;&#x439;&#x43D; &#x447;&#x438;&#x433;&#x43B;&#x44D;&#x43B;&#x44D;&#x44D;&#x440; 2002-2024 &#x43E;&#x43D;&#x434; &#x431;&#x438;&#x447;&#x438;&#x436; &#x431;&#x43E;&#x43B;&#x43E;&#x432;&#x441;&#x440;&#x443;&#x443;&#x43B;&#x441;&#x430;&#x43D;  &#x441;&#x443;&#x434;&#x430;&#x43B;&#x433;&#x430;&#x430;&#x43D;&#x44B; &#x430;&#x436;&#x438;&#x43B;, &#x4E9;&#x433;&#x4AF;&#x4AF;&#x43B;&#x44D;&#x43B;, &#x438;&#x43B;&#x442;&#x433;&#x44D;&#x43B; &#x437;&#x44D;&#x440;&#x433;&#x438;&#x439;&#x433; &#x431;&#x430;&#x433;&#x442;&#x430;&#x430;&#x436;&#x44D;&#x44D;. </subfield>
  </datafield>
  <datafield tag="650" ind1=" " ind2="4">
    <subfield code="a">&#x4AF;&#x43D;&#x434;&#x441;&#x44D;&#x43D; &#x445;&#x443;&#x443;&#x43B;&#x44C; </subfield>
    <subfield code="x">&#x4AF;&#x43D;&#x434;&#x441;&#x44D;&#x43D; &#x445;&#x443;&#x443;&#x43B;&#x438;&#x439;&#x43D; &#x44D;&#x440;&#x445; &#x437;&#x4AF;&#x439; </subfield>
    <subfield code="x">&#x43D;&#x443;&#x442;&#x433;&#x438;&#x439;&#x43D; &#x443;&#x434;&#x438;&#x440;&#x434;&#x43B;&#x430;&#x433;&#x430; </subfield>
    <subfield code="x">&#x4AF;&#x43D;&#x434;&#x441;&#x44D;&#x43D; &#x445;&#x443;&#x443;&#x43B;&#x438;&#x439;&#x43D; &#x43D;&#x44D;&#x43C;&#x44D;&#x43B;&#x442; &#x4E9;&#x4E9;&#x440;&#x447;&#x43B;&#x4E9;&#x43B;&#x442; </subfield>
    <subfield code="x">&#x4AF;&#x43D;&#x434;&#x441;&#x44D;&#x43D; &#x445;&#x443;&#x443;&#x43B;&#x438;&#x439;&#x43D; &#x442;&#x430;&#x439;&#x43B;&#x431;&#x430;&#x440;</subfield>
    <subfield code="x">&#x4E9;&#x43C;&#x447;</subfield>
    <subfield code="z">&#x41C;&#x43E;&#x43D;&#x433;&#x43E;&#x43B; </subfield>
    <subfield code="z">&#x425;&#x43E;&#x43B;&#x431;&#x43E;&#x43E;&#x43D;&#x44B; &#x431;&#x4AF;&#x433;&#x434; &#x43D;&#x430;&#x439;&#x440;&#x430;&#x43C;&#x434;&#x430;&#x445; &#x413;&#x435;&#x440;&#x43C;&#x430;&#x43D; &#x443;&#x43B;&#x441; </subfield>
    <subfield code="9">16404</subfield>
  </datafield>
  <datafield tag="650" ind1=" " ind2="4">
    <subfield code="a">&#x437;&#x430;&#x441;&#x430;&#x433; &#x437;&#x430;&#x445;&#x438;&#x440;&#x433;&#x430;&#x430; &#x43D;&#x443;&#x442;&#x430;&#x433; &#x434;&#x44D;&#x432;&#x441;&#x433;&#x44D;&#x440;&#x438;&#x439;&#x43D; &#x43D;&#x44D;&#x433;&#x436;&#x438;&#x439;&#x43D; &#x443;&#x434;&#x438;&#x440;&#x434;&#x43B;&#x430;&#x433;&#x430; </subfield>
    <subfield code="x">&#x445;&#x43E;&#x442;&#x44B;&#x43D; &#x44D;&#x440;&#x445; &#x437;&#x4AF;&#x439;</subfield>
    <subfield code="9">16405</subfield>
  </datafield>
  <datafield tag="650" ind1=" " ind2="4">
    <subfield code="a">&#x4E9;&#x43C;&#x447;&#x438;&#x439;&#x43D; &#x44D;&#x440;&#x445; &#x437;&#x4AF;&#x439; </subfield>
  </datafield>
  <datafield tag="650" ind1=" " ind2="4">
    <subfield code="a">&#x433;&#x430;&#x437;&#x440;&#x44B;&#x43D; &#x44D;&#x440;&#x445; &#x437;&#x4AF;&#x439; </subfield>
  </datafield>
  <datafield tag="650" ind1=" " ind2="4">
    <subfield code="a">&#x445;&#x4AF;&#x43D;&#x438;&#x439; &#x44D;&#x440;&#x445; </subfield>
    <subfield code="x">&#x445;&#x4AF;&#x43D;&#x438;&#x439; &#x44D;&#x440;&#x445;&#x438;&#x439;&#x43D; &#x437;&#x4E9;&#x440;&#x447;&#x438;&#x43B; </subfield>
    <subfield code="x">&#x445;&#x4E9;&#x440;&#x448;&#x438;&#x439;&#x43D; &#x44D;&#x440;&#x445; </subfield>
    <subfield code="x">&#x436;&#x435;&#x43D;&#x434;&#x44D;&#x440;</subfield>
    <subfield code="x">&#x431;&#x43E;&#x43B;&#x43E;&#x432;&#x441;&#x440;&#x43E;&#x43B;</subfield>
    <subfield code="z">&#x41C;&#x43E;&#x43D;&#x433;&#x43E;&#x43B; </subfield>
    <subfield code="z">&#x428;&#x432;&#x435;&#x439;&#x446;&#x430;&#x440;&#x44C;</subfield>
    <subfield code="9">16406</subfield>
  </datafield>
  <datafield tag="650" ind1=" " ind2="4">
    <subfield code="a">&#x437;&#x430;&#x445;&#x438;&#x440;&#x433;&#x430;&#x430;&#x43D;&#x44B; &#x44D;&#x440;&#x445; &#x437;&#x4AF;&#x439; </subfield>
    <subfield code="z">&#x41C;&#x43E;&#x43D;&#x433;&#x43E;&#x43B; </subfield>
    <subfield code="z">&#x425;&#x43E;&#x43B;&#x431;&#x43E;&#x43E;&#x43D;&#x44B; &#x431;&#x4AF;&#x433;&#x434; &#x43D;&#x430;&#x439;&#x440;&#x430;&#x43C;&#x434;&#x430;&#x445; &#x413;&#x435;&#x440;&#x43C;&#x430;&#x43D; &#x443;&#x43B;&#x441; </subfield>
    <subfield code="9">16407</subfield>
  </datafield>
  <datafield tag="942" ind1=" " ind2=" ">
    <subfield code="2">&#x411;&#x411;&#x41A;</subfield>
    <subfield code="c">BK</subfield>
    <subfield code="n">0</subfield>
  </datafield>
  <datafield tag="999" ind1=" " ind2=" ">
    <subfield code="c">32438</subfield>
    <subfield code="d">32438</subfield>
  </datafield>
  <datafield tag="952" ind1=" " ind2=" ">
    <subfield code="0">0</subfield>
    <subfield code="1">0</subfield>
    <subfield code="2">&#x411;&#x411;&#x41A;</subfield>
    <subfield code="4">0</subfield>
    <subfield code="7">0</subfield>
    <subfield code="a">FOND</subfield>
    <subfield code="b">FOND</subfield>
    <subfield code="d">2026-06-26</subfield>
    <subfield code="g">70000.00</subfield>
    <subfield code="i">25259</subfield>
    <subfield code="l">0</subfield>
    <subfield code="o">67.400+67.401 &#x421;825</subfield>
    <subfield code="p">40443</subfield>
    <subfield code="r">2026-06-26 12:02:25</subfield>
    <subfield code="w">2026-06-26</subfield>
    <subfield code="y">BK</subfield>
  </datafield>
  <datafield tag="952" ind1=" " ind2=" ">
    <subfield code="0">0</subfield>
    <subfield code="1">0</subfield>
    <subfield code="2">&#x411;&#x411;&#x41A;</subfield>
    <subfield code="4">0</subfield>
    <subfield code="7">0</subfield>
    <subfield code="a">FOND</subfield>
    <subfield code="b">FOND</subfield>
    <subfield code="d">2026-06-26</subfield>
    <subfield code="g">70000.00</subfield>
    <subfield code="i">25260</subfield>
    <subfield code="l">0</subfield>
    <subfield code="o">67.400+67.401 &#x421;825</subfield>
    <subfield code="p">40444</subfield>
    <subfield code="r">2026-06-26 12:02:00</subfield>
    <subfield code="w">2026-06-26</subfield>
    <subfield code="y">BK</subfield>
  </datafield>
  <datafield tag="952" ind1=" " ind2=" ">
    <subfield code="0">0</subfield>
    <subfield code="1">0</subfield>
    <subfield code="2">&#x411;&#x411;&#x41A;</subfield>
    <subfield code="4">0</subfield>
    <subfield code="7">0</subfield>
    <subfield code="a">FOND</subfield>
    <subfield code="b">Branch</subfield>
    <subfield code="d">2026-06-26</subfield>
    <subfield code="g">70000.00</subfield>
    <subfield code="i">25261</subfield>
    <subfield code="l">0</subfield>
    <subfield code="o">67.400+67.401 &#x421;825</subfield>
    <subfield code="p">40445</subfield>
    <subfield code="r">2026-06-26 12:02:00</subfield>
    <subfield code="w">2026-06-26</subfield>
    <subfield code="y">BK</subfield>
  </datafield>
</record>
